LIBRARY & INFORMATION CENTRE, KCAET, TAVANUR

ONLINE PUBLIC ACCESS CATALOGUE (OPAC)

Integrated product and process design and development / (Record no. 11241)

MARC details
000 -LEADER
fixed length control field 00456cam a2200169ua 4500
020 ## - INTERNATIONAL STANDARD BOOK NUMBER
ISBN 0-8493-8483-4
041 ## - LANGUAGE CODE
Language code of text/sound track or separate title eng
082 ## - DEWEY DECIMAL CLASSIFICATION NUMBER
Classification number 658.575
Item number MAG/IN
100 ## - MAIN ENTRY--AUTHOR NAME
Personal name Edward, B Magrab .
245 ## - TITLE STATEMENT
Title Integrated product and process design and development /
260 ## - PUBLICATION, DISTRIBUTION, ETC. (IMPRINT)
Place of publication Bocaratton :
Name of publisher CRC Press Inc. ,
Year of publication 1997.
300 ## - PHYSICAL DESCRIPTION
Number of Pages 306 ; .
500 ## - GENERAL NOTE
General note **Reference
942 ## - ADDED ENTRY ELEMENTS (KOHA)
Koha item type Books
Holdings
Withdrawn status Lost status Damaged status Home library Current library Date acquired Full call number Accession Number Koha item type
      KAUAET KAUAET 07/04/2012 658.575 20800 Reference
free website counter